Sapho (Record no. 169934)

MARC details
000 -LEADER
campo de control de longitud fija 00787nam a22002175i 4500
001 - NÚMERO DE CONTROL
campo de control 169934
003 - IDENTIFICADOR DE NÚMERO DE CONTROL
campo de control ES-MaACL
005 - FECHA Y HORA DE LA ÚLTIMA TRANSACCIÓN
campo de control 20250915230736.0
008 - DATOS DE LONGITUD FIJA--INFORMACIÓN GENERAL
campo de control de longitud fija 081222s1897 fr |||| | fre d
080 ## - NÚMERO DE LA CLASIFICACIÓN DECIMAL UNIVERSAL
Número de la Clasificación Decimal Universal 82-293
100 1# - ENTRADA PRINCIPAL--NOMBRE DE PERSONA
Nombre de persona Cain, Henri.
9 (RLIN) 137954
245 10 - MENCIÓN DEL TÍTULO
Título Sapho
Resto del título : pièce lyrique en cinq actes /
Mención de responsabilidad, etc. Henri Cain & Bernède ; d'après le roman de Alphonse Daudet ; musique de J. Massenet.
260 ## - PUBLICACIÓN, DISTRIBUCIÓN, ETC.
Lugar de publicación, distribución, etc. Paris :
Nombre del editor, distribuidor, etc. Heugel & Cie.,
Fecha de publicación, distribución, etc. 1897.
300 ## - DESCRIPCIÓN FÍSICA
Extensión 48 p. ;
Dimensiones 18 cm.
650 14 - PUNTO DE ACCESO ADICIONAL DE MATERIA--TÉRMINO DE MATERIA
Término de materia o nombre geográfico como elemento de entrada Óperas-
Subdivisión de forma Libretos.
9 (RLIN) 137584
700 1# - ENTRADA AGREGADA--NOMBRE PERSONAL
Nombre de persona Bernède, Arthur.
9 (RLIN) 137956
700 1# - ENTRADA AGREGADA--NOMBRE PERSONAL
Nombre de persona Daudet, Alphonse,
Fechas asociadas al nombre 1840-1897
9 (RLIN) 42799
700 1# - ENTRADA AGREGADA--NOMBRE PERSONAL
Nombre de persona Massenet, Jules,
Fechas asociadas al nombre 1842-1912
9 (RLIN) 240595
852 ## - LOCALIZACIÓN
Ubicación ES-MaACL
Número de control de estantería 2245-F-20
itemnumber R.140972
Nota libre .- Biblioteca Jacinto Martínez Lacalle
Holdings
Estatus retirado Estado de pérdida Estado de daño No para préstamo Colección Biblioteca de origen Biblioteca actual Ubicación en estantería Fecha de adquisición Fuente de adquisición Total de préstamos Signatura topográfica completa Código de barras Visto por última vez Precio de reemplazo Tipo de ítem Koha
        Colección de folletos Biblioteca del Ateneo de Madrid Biblioteca del Ateneo de Madrid Depósito folletos 22/12/2008     2245-F-20 1178411 23/02/2023 23/02/2023 Folleto